| 000 | 00533nam a2200181 4500 | ||
|---|---|---|---|
| 001 | 126171 | ||
| 003 | ES-MaACL | ||
| 005 | 20230906192752.0 | ||
| 007 | t| | ||
| 008 | 070214s1978 sp r ||||1| spa d | ||
| 100 | 1 |
_aReale, Miguel. _995688 |
|
| 245 | 1 | 0 |
_aIntroducción al Derecho / _cMiguel Reale ; traducción y adaptación de Jaime Brufau Prats. |
| 250 | _a3ª. ed. | ||
| 260 |
_aMadrid : _bPirámide, _c1978. |
||
| 300 |
_a286 p. ; _c23 cm. |
||
| 700 | 1 |
_aBrufau Prats, Jaime. _932078 |
|
| 852 |
_aES-MaACL _jA-9455 _bR.98374 |
||
| 999 |
_c126171 _d126171 |
||